000 00565nam a22001817a 4500
005 20251118121715.0
010 _aENG-147089
020 _a9789357313032
_c450.00
035 _aEN-130621
037 _bDBAD
082 _a032.02
_21
245 _aLimca Book of Records 2025:
_bIndia ay Her Best
260 _aGurugram
_bHachette Book Publishing India Pvt.Ltd
_c2025
270 _a4th &5th Floors ,Corprate Centre Plot No.94,Sector 44
_bGurugram
_e122003
300 _a752p.
_c20cm(Pb)
_bill.
760 _b1
942 _2ddc
_cEN
_h032.02
_mLIM
_e1
999 _c213770
_d213770